000 00784 a2200265 4500
001 61566
999 _c61566
_d15817
003 TR-AnTOB
005 20241129155053.0
008 070620n tu 00000 tur
040 _aTOBB ETÜ
041 _atur
050 0 _aKKX3407
_b.S73 [t.y]
090 _aKKX3407 .S73 [t.y]
245 0 _aStandardizasyon mevzuatı /
_chaz.Arif Şahin.
246 2 _aDış ticarette standardizasyon mevzuatı.
264 1 _aAnkara :
_bİGEME,
_c[date of publication not identified]
300 _a264 s.;
_c24 cm.
650 0 _aForeign trade regulation
_zTurkey
_933650
650 _aDış ticaret yönetmeliği
_zTürkiye
_919090
700 1 _aŞahin, Arif
_919087
710 2 2 _aİhracatı Geliştirme Etüd Merkezi (Türkiye)
_933777
901 _a0019758
902 _abs
942 _cBK